| 000 | 00517nam a2200181 4500 | ||
|---|---|---|---|
| 003 | DO-SdBNP | ||
| 005 | 20180215121525.0 | ||
| 008 | 161206b1995 sp||||| |||| 00| 0 spa d | ||
| 020 | _a8448802276 | ||
| 040 |
_aBPMSU _bspa _cBPMSU |
||
| 100 | _aDamon, Emma | ||
| 245 | 1 |
_aCada uno es especial : _bun libro para levantar y mirar / _cEmma Damon |
|
| 260 |
_a[s.l.] : _bBeascoa Internacional, _c1995 |
||
| 300 |
_a12 p. : _bil. : _c24 cm |
||
| 942 |
_2ddc _cBK |
||
| 945 | _aInventariado,2018/MFF | ||
| 956 | _adgarcia | ||
| 999 |
_c12307 _d12307 |
||